Sports Quiz

Random Sports or Basketball Quiz

Memphis Grizzlies Head Coaches Quiz Stats

Quiz not verified by Sporcle

Challenge
Share
Tweet
Embed
Score 0/13 Timer 05:00
0 Plays Today
Years Coached Coach % Correct
1999-2000Lionel Hollins
89.7%
2004Lionel Hollins
89.7%
2009-2013Lionel Hollins
89.7%
2002-2004Hubie Brown
82.4%
2013-Dave Joerger
77.8%
2004-2006Mike Fratello
64.7%
2000-2002Sidney Lowe
38.2%
2007-2009Marc Iavaroni
38.2%
2006-2007Tony Barone
30.9%
1997-1999Brian Hill
23.5%
1997Stu Jackson
20.6%
2009Johnny Davis
16.2%
1995-1997Brian Winters
14.7%

You're not logged in!

Compare scores with friends on all Sporcle quizzes.
Join for Free
OR
Log In

You Might Also Like...

Show Comments

Extras

Top Quizzes Today


Score Distribution

Your Account Isn't Verified!

In order to create a playlist on Sporcle, you need to verify the email address you used during registration. Go to your Sporcle Settings to finish the process.

Report this User

Report this user for behavior that violates our Community Guidelines.

Details: